Normal view
MARC view
- تاليف الدباغ، مصطفى مراد 1898- 1989
Entry Personal Name
001 - CONTROL NUMBER
- control field: 45602
003 - CONTROL NUMBER IDENTIFIER
- control field: JO-AjAnu
005 - DATE AND TIME OF LATEST TRANSACTION
- control field: 20230606081537.0
008 - FIXED-LENGTH DATA ELEMENTS
- fixed length control field: 230606|| aca||aabn | a|a d
040 ## - CATALOGING SOURCE
- Original cataloging agency: JO-AjAnu
- Transcribing agency: JO-AjAnu
100 ## - HEADING--PERSONAL NAME
- Personal name: تاليف الدباغ، مصطفى مراد 1898- 1989
670 ## - SOURCE DATA FOUND
- Source citation: Work cat.: (JO-AjAnu)23348: تاليف الدباغ، مصطفى مراد 1898- 1989, author, بلادنا فلسطين: في ديار الجليل- جندرا الاردن، المجلد السابع، القسم الثاني